লোডিং...

Introduction to mechatronics and measurement systems

গ্রন্থ-পঞ্জীর বিবরন
প্রধান লেখক: Alciatorre D G, Histand M B
ভাষা:English
প্রকাশিত: Mc Graw Hill 2012
সংস্করন:4
LEADER 00327 a2200121 4500
005 20151026133321.0
008 140217b xxu||||| |||| 00| 0 eng d
100 |a Alciatorre D G, Histand M B 
245 |a Introduction to mechatronics and measurement systems  
250 |a 4 
260 |c 2012  |b Mc Graw Hill 
942 |c BK  |6 _ 
999 |c 68087  |d 68087